000 00752nam a2200229 a 4500
001 47398
003 BD-RjUL
005 20211209054316.0
008 160808s1963 bg ||||| |||| 00| 0 eng d
020 _c: Tk. 1.00
035 _a(BD-RjUL)47517
040 _aBD-RjUL
_bben
_cBD-RjUL
041 _aben
082 _223
_a297.61
_bMAH 1963
100 1 _aমাসুম, কাজী
_9144178
245 1 0 _aহযরত ওমর /
_cকাজী মাসুম
260 _aঢাকা :
_bবুক সাপ্লাই ;
_c১৯৬৩ .
300 _a৬০ পৃ ;
_c২০ সেমি.
650 _aইসলামী নেতৃবৃন্দ
_xজীবনী
_9144179
650 _aIslamic leaders
_vBiography
_9144180
942 _2ddc
_cBK
999 _c47398
_d47398